00726cam a2200217 a 450000100090000000300050000900500170001400800410003101000170007202000250008904000130011404100130012705000260014008200180016610000390018424501430022326000380036630000270040450400500043170000270048111996820Nust20170328122005.0000504s2000 enk b 000 0 eng  a 00361191  a9789694163895 (pbk.) aDLCcDLC0 aenghurd00aPK2199.I65bT85 2000b a891.4398bIQB1 aIqbal, Muhammad,cSir,d1877-1938.10aTulip in the desert :ba selection of the poetry of Muhammad Iqbal /cedited and translated, with commentary and notes, by Mustansir Mir . aLondon :bHurst & Company,c2000. axiii, 195 p. ;c22 cm. aIncludes bibliographical references (p. 158).1 aMir, Mustansir,d1949-